000 00762nam a2200217 a 4500
001 000014191
003 DO-SdBNP
005 20240313135919.0
008 091207s1982 dr a 001 0 spa d
040 _aDO-SdBNP
_bspa
_cBNPHU
082 4 _a338.97293
_bM516t
_222
100 1 _a Mejía-Ricart G., Marcio,
_d1933-
_q(Mejía-Ricart Guzmán), |
_98411
245 1 0 _aTemas económicos :
_ba la dominicana /
_cMarcio Mejía-Ricart G.
260 _aSanto Domingo :
_bAlfa & Omega,
_c1982.
300 _a113 p. :
_bil. ;
_c17 cm.
590 _aInventariado, 2018/BT
651 4 _aRepública Dominicana
_xCondiciones económicas
_9281
651 4 _aRepública Dominicana
_xPolítica económica
_9643
910 _aValidado. Control de la calidad. EMS
942 _2ddc
_cLBS1
999 _c13792
_d13792